Anchorman. the legend continues / 2 :

Ron and Veronica's romance falls apart as the duo anchors a weekend broadcast at a New York-based network in 1980. Ron is fired for being the worst anchor anyone has ever seen and so he leaves Veronica rather than live in her shadow. So he re-creates himself at a CNN-type network in the eighti...

Full description

Bibliographic Details
Other Authors: McKay, Adam, 1968- (Screenwriter), Ferrell, Will, 1967- (Screenwriter, Actor), Applegate, Christina, 1971- (Actor), Rudd, Paul (Actor), arell, Steve, 1963- (Actor), Koechner, David, 1962- (Actor)
Format: Video DVD
Language:English
French
Spanish
Language Notes:Closed-captioned. English, French or Spanish dialogue; English audio description ; Spanish, English or French subtitles.
Published: [Los Angeles, Calif.] : Paramount, [2014]
Subjects:

MARC

Tag First Indicator Second Indicator Subfields
LEADER 00000cgm a2200000Ii 4500
001 in00003480949
005 20151206095948.0
007 vd cvaizq
008 140225p20142013cau119 vleng d
019 |a 869881665 
020 |a 1415776911 
020 |a 9781415776919 
024 1 0 |a 097363593041 
024 1 |a 097363593065 
028 4 2 |a 35930  |b Paramount Home Entertainment 
028 4 2 |a 359304  |b Paramount Home Entertainment 
028 4 2 |a PAR146212002  |b Paramount Home Entertainment 
028 4 2 |a 146212  |b Paramount Home Entertainment 
035 |a (OCoLC)ocn871008135 
035 |a (OCoLC)871008135  |z (OCoLC)869881665 
040 |a TEFMT  |b eng  |e rda  |c TEFMT  |d TEF  |d TEFMT  |d TEF  |d IMD  |d IH7  |d GK8  |d GZD  |d UPZ  |d TXA  |d UtOrBLW 
041 1 |a eng  |a fre  |a spa  |j spa  |j eng  |j fre  |h eng 
046 |k 2013 
049 |a TXAM 
050 4 |a PN1997.2  |b .A53 2014 
082 0 4 |a 791.43/72  |2 23 
090 |a PN1995.9.C55  |b .A536562 2014 
245 0 0 |a Anchorman.  |n 2 :  |b the legend continues /  |c Paramount Pictures presents a Gary Sanchez/Apatow production ; director, Adam McKay ; writers, Will Ferrell, Adam McKay ; producers, Adam McKay [and four others]. 
246 3 0 |a Anchorman two 
257 |a United States.  |2 naf 
264 1 |a [Los Angeles, Calif.] :  |b Paramount,  |c [2014] 
300 |a 1 videodisc (118 min.) :  |b sound, color ;  |c 4 3/4 in. 
336 |a two-dimensional moving image  |b tdi  |2 rdacontent 
337 |a video  |b v  |2 rdamedia 
338 |a videodisc  |b vd  |2 rdacarrier 
344 |a digital  |b optical  |g surround  |h Dolby digital  |2 rda 
346 |a DVD  |b NTSC  |2 rda 
347 |a video file  |b DVD video  |e region 1  |2 rda 
538 |a DVD, region 1, NTSC, widescreen presentation; Dolby digital. 
546 |a Closed-captioned. English, French or Spanish dialogue; English audio description ; Spanish, English or French subtitles. 
521 8 |a MPAA rating: PG-13; for crude and sexual content, drug use, language and comic violence  |a CHV rating: PG. 
511 1 |a Christina Applegate, Will Ferrell, Paul Rudd, Steve Carell, David Koechner. 
500 |a Originally produced as a motion picture in 2013. 
500 |a "Feature film theatrical version" -- disc surface. 
520 |a Ron and Veronica's romance falls apart as the duo anchors a weekend broadcast at a New York-based network in 1980. Ron is fired for being the worst anchor anyone has ever seen and so he leaves Veronica rather than live in her shadow. So he re-creates himself at a CNN-type network in the eighties and accidentally invents the soul-sucking brand of non-news that now rules cable as he tries to win back Veronica's love. 
600 1 0 |a Burgundy, Ron  |v Drama. 
650 0 |a Television news anchors  |v Drama. 
650 0 |a Man-woman relationships  |v Drama. 
655 7 |a Comedy films.  |2 lcgft 
655 7 |a Feature films.  |2 lcgft 
655 7 |a Fiction films.  |2 lcgft 
655 7 |a Video recordings for the hearing impaired.  |2 lcgft 
655 7 |a Video recordings for people with visual disabilities.  |2 lcgft 
700 1 |a McKay, Adam,  |d 1968-  |e film director,  |e film producer,  |e screenwriter. 
700 1 |a Ferrell, Will,  |d 1967-  |e screenwriter,  |e actor. 
700 1 |a Applegate, Christina,  |d 1971-  |e actor. 
700 1 |a Rudd, Paul,  |e actor. 
700 1 |a arell, Steve,  |d 1963-  |e actor. 
700 1 |a Koechner, David,  |d 1962-  |e actor. 
710 2 |a Gary Sanchez Productions (Firm),  |e production company. 
710 2 |a Apatow Productions,  |e production company. 
710 2 |a Paramount Pictures Corporation,  |e production company. 
994 |a C0  |b TXA 
948 |a cataloged  |b h  |c 2014/4/11  |d c  |e blrosas  |f 12:16:06 pm 
999 |a MARS 
999 f f |s ecaf7157-b565-336a-ad96-97ea0ef53020  |i 1f43d574-4ad3-3ae4-aac8-d6c526d1bf1e  |t 0 
952 f f |p dvd  |a Texas A&M University  |b College Station  |c Sterling C. Evans Library  |s Evans Media and Reserves  |d Evans: Media and Reserves (Annex 1st floor)  |t 0  |e PN1995.9.C55 .A536562 2014  |h Library of Congress classification  |i video -- videodisc  |m A14842388580 
998 f f |a PN1995.9.C55 .A536562 2014  |t 0  |l Evans: Media and Reserves (Annex 1st floor)